000 00761nam a22002297a 4500
005 20170124110102.0
010 _a628671
020 _c00.00
035 _a628671
037 _bCen Lib/Ret
040 _aDPL
_bEN
082 _a954.084
_bCOE
100 _aCoen, Terence Creagh
_927279
245 _aThe Indian political service :
_cby Terence Creagh Coen
_ba study in indirect rule /
260 _aBombay
_bAllied Publishers
_c1971
270 _a15 Graham Road, Ballard Estate
_bBombay
300 _ax,291p.
_c21cm(Hb)
500 _aIncludes bibliographical references and index
650 _aIndia -- Politics and government -- 1765-1947
_912717
650 _aPolitics and government
_927280
942 _2ddc
_cEN
_h954.084
_mCOE
999 _c129746
_d129746